| 000 | 00778nam a2200253 a 4500 | ||
|---|---|---|---|
| 003 | AR-BaBNM | ||
| 005 | 20251128204031.0 | ||
| 008 | 082120s2002 ||||||||||||||000 | spa|| | ||
| 040 | _cAR-BaBNM | ||
| 110 | 2 | _aNational Council of Teachers of Mathematics [Estados Unidos] | |
| 245 | 0 | 0 | _aRecopilación, organización e interpretación de datos |
| 250 | _a1ª ed. | ||
| 260 |
_aMéxico, D.F. _bTrillas _bCentro Regional de Ayuda Técnica _c1970 |
||
| 300 |
_a58 p. _btablas |
||
| 490 | 0 |
_aTemas de matemáticas _vv. 16 |
|
| 650 | 4 | _aENSEÑANZA DE LAS MATEMATICAS | |
| 650 | 4 | _aESTADISTICA | |
| 650 | 4 | _aANALISIS DE DATOS | |
| 650 | 4 | _aBASES DE DATOS | |
| 650 | 4 | _aRECOPILACION DE DATOS | |
| 700 | 1 |
_aVelasco Coba, Federico _etraductor |
|
| 942 | _cBK | ||
| 998 | _cCarmen | ||
| 999 |
_c5881 _d5881 |
||